Open doors : (Registro nro. 8287)
[ vista simple ]
| 000 -LEADER | |
|---|---|
| fixed length control field | 02497nam a2200277Ia 4500 |
| 003 - CONTROL NUMBER IDENTIFIER | |
| control field | OSt |
| 005 - DATE AND TIME OF LATEST TRANSACTION | |
| control field | 20210811093729.0 |
| 008 - FIXED-LENGTH DATA ELEMENTS--GENERAL INFORMATION | |
| fixed length control field | 210310s2001 eu ad 100 0 eng d |
| 020 ## - INTERNATIONAL STANDARD BOOK NUMBER | |
| International Standard Book Number | 0815702450 |
| 040 ## - CATALOGING SOURCE | |
| Original cataloging agency | CO-JMCR |
| Transcribing agency | CO-JMCR |
| 041 0# - LANGUAGE CODE | |
| Language code of text/sound track or separate title | eng |
| 082 04 - DEWEY DECIMAL CLASSIFICATION NUMBER | |
| Classification number | 332.6 / |
| Item number | C748o |
| Edition number | 23 |
| 111 2# - MAIN ENTRY--MEETING NAME | |
| Meeting name or jurisdiction name as entry element | Conference on emerging markets finance |
| Number of part/section/meeting | (3° : |
| Date of meeting or treaty signing | 2001 : |
| Location of meeting | New York) |
| 9 (RLIN) | 39263 |
| 245 10 - TITLE STATEMENT | |
| Title | Open doors : |
| Remainder of title | foreign participation in financial systems in developing countries/ |
| Statement of responsibility, etc. | Robert E. Litan, Paul Masson, Michael Pomerleano, editors |
| 260 ## - PUBLICATION, DISTRIBUTION, ETC. | |
| Place of publication, distribution, etc. | Washington : |
| Name of publisher, distributor, etc. | Brookings Institution Press, |
| Date of publication, distribution, etc. | 2001 |
| 300 ## - PHYSICAL DESCRIPTION | |
| Extent | vii, 440 páginas : |
| Other physical details | ilustraciones y gráficos a blanco y negro ; |
| Dimensions | 23 cm. |
| 500 ## - GENERAL NOTE | |
| General note | Incluye notas a pie de página. |
| 504 ## - BIBLIOGRAPHY, ETC. NOTE | |
| Bibliography, etc. note | Bibliografía al final de cada capítulo. |
| 505 0# - FORMATTED CONTENTS NOTE | |
| Formatted contents note | How Important Is Financial Sector FDI and What Are Its Impacts? -- What Foreign Institutions Do in Emerging Markets: Overview -- What Foreign Institutions Do in Emerging Markets: Sector Report -- Policies toward Financial Sector FDI -- Moving into the Future: Potential for Financial Sector E-Commerce |
| 520 3# - SUMMARY, ETC. | |
| Summary, etc. | The presence of foreign financial firms in emerging markets has expanded enormously in the past decade. This phenomenon, never theless, raises several questions: Is this presence beneficial to the host countries? Should foreign financial institutions compete across a range of activities with local ones or specialize in areas where they have the greatest expertise? What are the challenges for regulators faced with a much more open financial system?<br/><br/>These and other issues are discussed in Open Doors, which includes contri butions from various financial sector experts. Foreign financial presence generally is found to be beneficial to the host country, contributing to greater efficiency. The business models of foreign financial institutions differ consider ably across firms and sectors, however. And financial liberalization poses challenges for regulators, requiring greater cross-border coordination. This is especially true given the technological advances that have transformed finan cial services. The final chapters are devoted to the prospects for e-finance in emerging markets. |
| 650 14 - SUBJECT ADDED ENTRY--TOPICAL TERM | |
| Topical term or geographic name entry element | Industria de servicios financieros |
| 9 (RLIN) | 16850 |
| Form subdivision | Congresos, conferencias, etc. |
| General subdivision | Países en desarrollo |
| 700 1# - ADDED ENTRY--PERSONAL NAME | |
| Personal name | Litan, Robert E., |
| Relator term | editor |
| 9 (RLIN) | 39264 |
| 700 1# - ADDED ENTRY--PERSONAL NAME | |
| Personal name | Masson, Paul, |
| Relator term | editor |
| 9 (RLIN) | 39265 |
| 700 1# - ADDED ENTRY--PERSONAL NAME | |
| Personal name | Pomerleano, Michael, |
| Relator term | editor |
| 9 (RLIN) | 39266 |
| 942 ## - ADDED ENTRY ELEMENTS (KOHA) | |
| Source of classification or shelving scheme | Dewey Decimal Classification |
| Koha item type | Books |
| Withdrawn status | Lost status | Source of classification or shelving scheme | Damaged status | Not for loan | Collection code | Home library | Current library | Date acquired | Source of acquisition | Full call number | Barcode | Date last seen | Copy number | Koha item type |
|---|---|---|---|---|---|---|---|---|---|---|---|---|---|---|
| Dewey Decimal Classification | Non-fiction | Biblioteca Pública José María del Castillo y Rada | Biblioteca Pública José María del Castillo y Rada | 04/15/2018 | Donación | 332.6 / C748o | 430002875 | 05/16/2024 | Ej.1 | Books |